Statistics for Polish Food Words Quiz

Click here to take the quiz!

General Stats

  • This quiz has been taken 1,150 times
  • The average score is 17 of 20

Answer Stats

HintAnswer% Correct
MlekoMilk
98%
WodaWater
97%
ChlebBread
94%
JabłkoApple
93%
WódkaVodka
93%
ZupaSoup
92%
RybaFish
90%
RyżRice
90%
PiwoBeer
89%
SerCheese
89%
JajkoEgg
88%
MasłoButter
84%
KurczakChicken
84%
ZiemniakPotato
84%
KawaCoffee
83%
CebulaOnion
82%
KiełbasaSausage
78%
Stek wołowySteak
77%
GruszkaPear
69%
KapustaCabbage
64%

Score Distribution

Percentile by Number Answered

Percent of People with Each Score

Your Score History

You have not taken this quiz